000 00503nam a2200193Ia 4500
008 101110s9999 xx 000 0 und d
041 _aENGLISH
082 _bSR3866
100 _aGulati I.S.
245 _aResource Prospects of Third Five Year Plan
365 _b2
520 _aEconomics
546 _aENGLISH
630 _aResource Prospects of Third Five Year Plan
650 _aEconomics
655 _aEconomics
730 _aResource Prospects of Third Five Year Plan
942 _cBOOK
999 _c800258
_d800255